logo

Bir Sreshtho Munshi Abdur Rouf Library
Jhenaidah Cadet College

Fundamentals of organic chemistry / (Record no. 12154)

MARC details
000 -LEADER
fixed length control field 00697nam a2200265 a 4500
001 - CONTROL NUMBER
JCCL Control Number 12154
003 - CONTROL NUMBER IDENTIFIER
JCCL marc code BD-JhCC
005 - DATE AND TIME OF LATEST TRANSACTION
control field 20211012134021.0
008 - FIXED-LENGTH DATA ELEMENTS--GENERAL INFORMATION
fixed length control field 210321s2011 ii a|||| |||| 001 0 eng d
020 ## - INTERNATIONAL STANDARD BOOK NUMBER
International Standard Book Number 9788131520970
020 ## - INTERNATIONAL STANDARD BOOK NUMBER
International Standard Book Number 8131520978
035 ## - SYSTEM CONTROL NUMBER
system control number (BD-JhCC)12154
040 ## - CATALOGING SOURCE
Original cataloging agency BD-JhCC
Modifying agency BD-JhCC
041 ## - LANGUAGE CODE
Language code of Book eng
082 ## - DEWEY DECIMAL CLASSIFICATION NUMBER
Classification number 547
Author mark and Year MCM 2011
100 ## - MAIN ENTRY--PERSONAL NAME
Personal name McMurry, John
245 ## - TITLE STATEMENT
Title Fundamentals of organic chemistry /
Statement of responsibility, etc John McMurry,
250 ## - EDITION STATEMENT
Edition statement 7th ed.
260 ## - PUBLICATION, DISTRIBUTION, ETC. (IMPRINT)
Place of publication, distribution, etc New Delhi :
Name of publisher, distributor, etc Cengage Learning,
Date of publication, distribution, etc 2011.
300 ## - PHYSICAL DESCRIPTION
Pagination xiii, 598 p. :
Other physical details ill. ;
Dimensions 26 cm.
504 ## - BIBLIOGRAPHY, ETC. NOTE
Bibliography, etc Includes index.
650 ## - SUBJECT ADDED ENTRY--TOPICAL TERM
Topical term or geographic name as entry element Chemistry, Organic
650 ## - SUBJECT ADDED ENTRY--TOPICAL TERM
Topical term or geographic name as entry element Organic compounds
942 ## - ADDED ENTRY ELEMENTS (KOHA)
Source of classification or shelving scheme Dewey Decimal Classification
Koha item type Books
Koha issues (borrowed), all copies 2
Holdings
Source of classification or shelving scheme Damaged status Not for loan Home library Current library Shelving location Date of accession Cost, normal purchase price Total Checkouts Full call number Barcode Date last seen Date checked out Copy number Koha item type
Dewey Decimal Classification     JCC Rouf Library JCC Rouf Library General Stacks 03/21/2021 927.00 2 547 MCM 2011 16614 07/09/2025 07/07/2025 C-1 Books

JCC Library | Contacts | JCC Home

Last Update on 23 September 2017
Copyright @ 2017-2020 JCC Rouf Library
Rouf Library, Jhenidah Cadet College (JCC), Bangladesh